Statistics for 250 Biggest Cities in Europe With a Map

Click here to take the quiz!

General Stats

  • This quiz has been taken 79,029 times
    (65,962 since last reset)
  • The average score is 105 of 246

Answers on the Map

Answers color-coded by a green-red scale on the quiz's map according to % correct below.
 

Answer Stats

PopulationAnswer% Correct
14.8mLondon
96%
6.55mMadrid
94%
11.4mParis
94%
3.58mRome
94%
1.39mDublin
93%
17.3mMoscow
93%
4.78mBarcelona
92%
4.73mBerlin
92%
2.48mLisbon
92%
1.19mOslo
92%
3.35mAthens
90%
2.23mStockholm
90%
2.48mAmsterdam
89%
1.30mHelsinki
89%
3.05mManchester
89%
1.68mCopenhagen
88%
3.48mKyiv
88%
6.20mMilan
88%
5.65mSaint Petersburg
88%
2.38mWarsaw
88%
16.0mIstanbul
87%
1.88mLiverpool
86%
2.25mVienna
86%
2.70mBrussels
85%
935kEdinburgh
85%
2.25mMunich
85%
2.63mBudapest
84%
1.68mGlasgow
84%
4.23mNaples
84%
1.44mPrague
83%
422kBern
81%
2.20mBucharest
81%
2.88mHamburg
81%
623kBelfast
80%
1.66mMarseille
80%
1.30mSofia
80%
3.15mBirmingham
79%
1.98mLyon
79%
2.00mMinsk
79%
3.25mRotterdam / The Hague
79%
3.25mFrankfurt am Main
78%
688kRiga
78%
433kVenice
78%
809kZagreb
78%
1.54mPorto
77%
465kTallinn
77%
5.00mCologne / Dusseldorf
76%
946kNice
76%
1.42mBelgrade
74%
1.43mZürich
74%
960kCardiff
73%
371kSarajevo
73%
1.84mValencia
73%
1.01mFlorence
72%
1.29mSeville
72%
1.64mTurin
72%
2.18mLeeds
71%
572kVilnius
71%
872kTirana
70%
476kBratislava
68%
791kGeneva
68%
819kKraków
67%
900kPalermo
67%
1.08mBordeaux
66%
373kLjubljana
66%
1.48mNewcastle
66%
489kMalmö
64%
460kValletta
64%
911kBilbao
63%
553kSkopje
63%
904kGdánsk
61%
1.22mAntwerp
60%
708kGothenburg
60%
926kBristol
59%
2.40mStuttgart
59%
1.11mOdessa
58%
1.16mSouthampton
58%
1.04mToulouse
58%
585kChișinău
57%
834kDresden
57%
581kGenoa
57%
1.29mLille
56%
1.03mMálaga
56%
806kThessaloniki
56%
1.57mSheffield
55%
542kStrasbourg
53%
1.00mBremen
52%
596kBrighton
52%
748kLeipzig
52%
1.15mHanover
50%
716kNantes
50%
1.38mNottingham
50%
1.20mNuremberg
50%
613kBologna
49%
472kPalma de Mallorca
48%
419kSwansea
48%
586kBari
47%
1.44mDonetsk
47%
482kKaliningrad
47%
712kLeicester
47%
726kZaragoza
46%
1.64mKharkiv
44%
725kLviv
44%
524kGranada
43%
1.41mVolgograd
43%
771kBasel
42%
379kAarhus
41%
995kUtrecht
41%
463kVerona
41%
409kSevastopol
40%
439kSochi
40%
471kGhent
39%
829kŁódź
39%
1.73mNizhny Novgorod
39%
423kBrno
38%
432kCagliari
38%
348kGraz
38%
403kKingston-upon-Hull
38%
528kMontpellier
38%
1.30mRostov-on-Don
38%
704kCatania
36%
325kKiel
36%
1.66mYekaterinburg
36%
340kBrest
35%
1.58mMannheim
35%
409kRennes
35%
552kEindhoven
34%
813kAachen
33%
490kAlicante
33%
1.26mKazan
33%
653kLiège
33%
388kA Coruña
32%
322kCórdoba
32%
712kCoventry
32%
379kLinz
32%
685kMurcia
32%
435kSzczecin
32%
641kWrocław
32%
401kCadiz
31%
325kCluj-Napoca
31%
1.39mDnipro
31%
553kBournemouth
30%
428kLausanne
30%
426kSan Sebastian
30%
338kTampere
30%
349kVarna
30%
323kNovi Sad
29%
598kPoznań
29%
406kVigo
29%
539kGrenoble
27%
352kFreiburg im Breisgau
26%
355kPamplona
26%
1.10mPerm
26%
907kSaarbrücken
26%
442kStoke-on-Trent
26%
1.13mUfa
26%
383kValladolid
26%
515kAugsburg
25%
915kKrasnodar
25%
404kLuhansk
25%
438kPlovdiv
25%
487kRouen
25%
1.30mSamara
25%
581kToulon
25%
935kBielefeld
24%
325kMaastricht
24%
446kMetz
24%
511kMiddlesbrough
24%
338kNancy
24%
491kPadua
24%
440kMariupol
23%
348kArchangelsk
22%
379kLublin
22%
359kNorthampton
22%
402kTours
22%
482kAvignon
21%
427kCharleroi
21%
520kOstrava
21%
319kTimișoara
21%
1.41mChelyabinsk
20%
356kConstanţa
20%
516kKarlsruhe
20%
399kModena
20%
441kSaint Étienne
20%
366kTaranto
20%
560kArnhem / Nijmegen
19%
458kBrescia
19%
1.06mVoronezh
19%
451kBlackburn
18%
346kClermont-Ferrand
18%
446kGrozny
18%
347kPreston
18%
402kTarragona
18%
449kChemnitz
17%
1.09mSaratov
17%
329kSmolensk
17%
510kGomel
16%
321kBrasov
15%
438kBrunswick
15%
350kBydgoszcz
15%
319kHalle
15%
342kSimferopol
15%
534kAstrakhan
14%
340kKassel
14%
450kKursk
14%
739kZaporizhia
14%
414kEnschede
13%
502kMönchengladbach
13%
479kTula
13%
610kYaroslavl
13%
409kBelgorod
12%
357kGrodno
12%
349kKoblenz
12%
358kVladimir
12%
394kCastellón de la Plana
11%
720kMakhachkala
11%
483kMykolaiv
11%
565kOrenburg
11%
558kRyazan
11%
421kTver
11%
365kVitebsk
11%
404kBryansk
10%
625kKryvyi Rih
10%
379k's-Hertogenbosch
10%
528kStavropol
10%
756kTolyatti
10%
345kMassa
9%
357kMogilev
9%
587kPenza
9%
628kUlyanovsk
9%
341kValenciennes
9%
332kHeilbronn
8%
436kIvanovo
8%
649kIzhevsk
8%
337kKaluga
8%
585kKirov
8%
556kLipetsk
8%
413kMagnitogorsk
7%
322kTambov
7%
370kVinnytsia
7%
354kBéthune
6%
622kCheboksary
6%
354kHorlivka
6%
534kNaberezhnye Chelny
5%
352kNizhny Tagil
5%
322kPyatigorsk
5%

Score Distribution

Percentile by Number Answered

Percent of People with Each Score

Your Score History

You have not taken this quiz since the last reset